000 00533nam a2200157Ia 4500
003 GCL
005 20240530110001.0
008 140319s9999 xx 000 0 ara d
040 _aGCL /
_cGCL
082 0 4 _aق
_b813.0811
_bح ح
100 1 _aحسين ذوالفقار صبرى
245 1 0 _aحور محب : فرعون الثورة على الفساد /
_cحسين ذوالفقار صبرى
260 _a[S.N] :
_bدار المسيرة للنشر والتوزيع والطباعة ،
_c1985
300 _a158 ص
942 _2ddc
_cBK
999 _c57890
_d57890